Costa Rica imaginaria: reflexiones sobre la nación (por Alexander Jiménez y Jesús Oyamburu) /
Guardat en:
| Autor principal: | |
|---|---|
| Format: | Text |
| Matèries: | |
| Etiquetes: |
Afegir etiqueta
Sense etiquetes, Sigues el primer a etiquetar aquest registre!
|
MARC
| LEADER | 00000 a a2200000 04500 | ||
|---|---|---|---|
| 001 | 15216 | ||
| 003 | |||
| 040 | |||
| 100 | |a Fumero, Patricia | ||
| 245 | |a Costa Rica imaginaria: |b reflexiones sobre la nación (por Alexander Jiménez y Jesús Oyamburu) / |c Patricia Fumero | ||
| 650 | |a PUB.IIS | ||
| 650 | |a ANALISIS DE DOCUMENTOS | ||
| 773 | |g número 81; páginas 97-99 | ||
| 999 | |c 21607 |d 21607 | ||
| 773 | 0 | |0 18728 |9 2606 |a Universidad de Costa Rica |d San José, Costa Rica Editorial UCR 1956- |o 01943 |t Revista de Ciencias Sociales/ |x 04825276 | |
